MARC

LEADER 00000nam0a2200000 4500
001 298769
005 20231102001134.0
020 |a RU  |b 82-72383 
035 |a (RuTPU)RU\TPU\book\323912 
090 |a 298769 
100 |a 20150620d1982 km y0rusy5003 ca 
101 1 |a rus  |c eng 
102 |a RU 
105 |a a z 001zy 
200 1 |a Этюды для программистов  |f Ч. Уэзерелл  |g пер. с англ. под ред. Ю. М. Баяковского 
210 |a Москва  |c Мир  |d 1982 
215 |a 287 с.  |c ил. 
320 |a Именной указатель: с. 284 
320 |a Предметный указатель: с. 285-287 
510 1 |a Etudes for programmers  |z eng 
606 1 |a Программирование  |2 stltpush  |3 (RuTPU)RU\TPU\subj\51780  |9 70345 
610 1 |a цифровые вычислительные машины 
610 1 |a системное программирование 
610 1 |a моделирование 
610 1 |a обработка 
610 1 |a тексты 
610 1 |a компиляторы 
610 1 |a конструирование 
610 1 |a искусственный интеллект 
610 1 |a задачи 
610 1 |a игровые ситуации 
675 |a 681.3.06  |z rus  |v 3 
700 1 |a Уэзерелл  |b Ч.  |g Чарлз  |4 070 
702 1 |a Баяковский  |b Ю. М.  |4 340 
801 0 |a RU  |b RuMRKP  |c 19950704  |g psbo 
801 1 |a RU  |b 63413507  |c 20150620 
801 2 |a RU  |b 63413507  |c 20180618  |g RCR 
942 |c BK